Dodgers Roster 2018 - Statistics

General Stats
  • This quiz has been taken 44 times
    24 since last reset
  • The average score is 16 of 58
Answer Stats
Position Player % Correct
Starting Pitcher Clayton Kershaw
100%
Infielder Cody Bellinger
96%
Infielder Max Muncy
87%
Infielder Corey Seager
83%
Catcher Austin Barnes
78%
Outfielder Chris Taylor
78%
Infielder Justin Turner
78%
Outfielder Enrique Hernandez
70%
Closing Pitcher Kenley Jansen
70%
Manager Dave Roberts
65%
Infielder Manny Machado
65%
Catcher Yasmani Grandal
65%
Outfielder Joc Pederson
61%
Outfielder Yasiel Puig
61%
Starting Pitcher Hyun-Jin Ryu
48%
Starting Pitcher Julio Urias
48%
Starting Pitcher Alex Wood
43%
Outfielder Matt Kemp
43%
Outfielder Alex Verdugo
30%
Starting Pitcher Rich Hill
30%
Starting Pitcher Kenta Maeda
26%
Infielder Logan Forsythe
22%
Relief Pitcher Pedro Baez
22%
Infielder Chase Utley
17%
Pitcher Yimi Garcia
17%
Infielder David Freese
13%
Relief Pitcher Dylan Floro
13%
Relief Pitcher Ross Stripling
13%
Relief Pitcher Scott Alexander
13%
Relief Pitcher Adam Liberatore
9%
Bench Coach Bob Geren
9%
Infielder Brian Dozier
9%
Pitcher Caleb Ferguson
9%
Relief Pitcher Daniel Hudson
9%
Relief Pitcher Josh Fields
9%
Catcher Kyle Farmer
9%
Bullpen Coach Mark Prior
9%
Catcher Rocky Gale
9%
Relief Pitcher Ryan Madson
9%
Relief Pitcher Tony Cingrani
9%
Infielder Breyvic Valera
4%
Pitcher Brock Stewart
4%
Pitcher Daniel Corcino
4%
Pitcher Dennis Santana
4%
Pitcher Edward Paredes
4%
Relief Pitcher Erik Goeddel
4%
First Base Coach George Lombard
4%
Pitcher John Axford
4%
Relief Pitcher JT Chargois
4%
Pitcher Pat Venditte
4%
Outfielder Tim Locastro
4%
Relief Pitcher Wilmer Font
4%
Pitcher Zach Neal
4%
Relief Pitcher Zac Rosscup
4%
Third Base Coach Chris Woodward
0%
Pitching Coach Rick Honeycutt
0%
Pitcher Tom Koehler
0%
Hitting Coach Turner Ward
0%
No matching quizzes found
Score Distribution
Percent of People with Each Score
Percentile by Number Answered
Your Score History
You have not taken this quiz since the last reset